| 000 | 01909nam a22002777a 4500 | ||
|---|---|---|---|
| 999 |
_c22003 _d22003 |
||
| 003 | AR-CdUCM | ||
| 008 | 190425b ||||| |||| 00| 0 spa d | ||
| 040 |
_aMUNICIPALIDAD PROVINCIAL DEL CUSCO _cBIBLIOTECA MUNICIPAL DEL CUSCO |
||
| 082 | _aHist.Ecle/N°4/1995 | ||
| 110 |
_aInstituto Peruano de Historia Eclesiástica _947113 |
||
| 245 |
_aRevista peruana de Historia Eclesiástica / _cInstituto Peruano de Historia Eclesiástica |
||
| 260 |
_aLima. _bServicio copias Gráficas, _c1995. |
||
| 300 |
_a262 páginas. : _c22 cm. |
||
| 440 |
_aRevista peruana de Historia Eclesiástica. _nN°4,1995. _947123 |
||
| 505 | _aContenido: Alonso de la Cueva Ponce de León historiador de la Iglesia peruana. Guillermo Lohmann Villena. -- Don Feliciano de Vega 1580-1639, criollo jurista, maestro y prelado. José Dammert Bellido. -- Fray Víctor M Barriga, mercedario 1891-1955. Félix Denegri Luna. -- Antonio Ruiz de Montoya. Armando Nieto Vélez. -- Tres cronistas franciscanos siglos XVII-XVIII. Federico Richter. -- El matemático fray Manuel Ayala y su biblioteca. Horacio Villanueva Urteaga. -- Fray Fernando de Velarde 1594-1658. Benigno Ayarra. -- Fray Gonzalo Tenorio y sus teorías escatológicas sobre el Nuevo Mundo 1602-1682. Julián Heras. -- Melchor de Talamantes precursor de la independencia de México. Severo Aparicio. -- Ventura Travada y Córdoba. Alejandro Málaga y Dr. Eusebio Quiroz. -- Juan Espinoza Medrano. Jorge Escobar Medrano. -- Juan Meléndez Ramírez cronista dominico 1633-1710. Guillermo Álvarez Perca. | ||
| 650 |
_aHistoria eclesiástica _942856 |
||
| 650 |
_aEducación colonial _925888 |
||
| 650 |
_aHistoria del Cusco _91714 |
||
| 650 |
_aReligión católica _947116 |
||
| 650 |
_aEvangelización _947119 |
||
| 700 |
_aLohman Villena, Guillermo _947117 |
||
| 700 |
_aRichter, Federico _947120 |
||
| 700 |
_aDammert, José _947121 |
||
| 942 |
_2ddc _cPP |
||
| 945 | _arac | ||